| 000 | 00773nam a22002411c 4500 | ||
|---|---|---|---|
| 001 | a987684297 | ||
| 008 | 060211s1982 gw |||| 000u ger d | ||
| 020 |
_a3593330458 _93-593-33045-8 |
||
| 041 | _ager | ||
| 100 | 1 | _aSchöttler, Peter | |
| 245 | 0 | 4 |
_aDie Entstehung der "Bourses du Travail" : _bSozialpolitik und französischer Syndikalismus am Ende des 19. Jahrhunderts / _cPeter Schöttler |
| 264 |
_aFrankfurt [u.a.] : _bCampus, _c1982 |
||
| 300 | _a300 S. : graph. Darst + Kt., Tab | ||
| 502 | _aZugl. überarb. Fass. d. Diss. Univ. Bremen 1978 | ||
| 650 | 0 | _aFrankreich | |
| 650 | 0 | _aArbeitsbörse | |
| 650 | 0 | _aSozialpolitik | |
| 655 | 0 | _aHochschulschrift | |
| 942 | _cMG | ||
| 040 | _cRU-10907106 | ||
| 003 | RU-10907106 | ||
| 999 |
_c2851 _d2851 |
||
| 490 | 0 |
_aCampus-Forschung _v255 |
|